Statistics for Handball - 2016 Olympic Qualifying Countries

Click here to take the quiz!

General Stats

  • This quiz has been taken 131 times
  • The average score is 9 of 12

Answer Stats

qualificationcountry% Correct
2015 world championFrance
96%
hostBrazil
92%
2016 European championGermany
91%
2016 qualifying tournamentDenmark
83%
2016 qualifying tournamentSweden
83%
2016 African championEgypt
81%
2015 pan-American championArgentina
78%
2016 qualifying tournamentCroatia
75%
2016 qualifying tournamentPoland
72%
2015 Asian championQatar
65%
2016 qualifying tournamentSlovenia
45%
2016 qualifying tournamentTunisia
36%

Score Distribution

Percentile by Number Answered

Percent of People with Each Score

Your Score History

You have not taken this quiz